FUNDAMENTALS OF PHARMACO ECONOMICS (Record no. 5889)

MARC details
000 -LEADER
fixed length control field 00463nam a22001577a 4500
005 - DATE AND TIME OF LATEST TRANSACTION
control field 20240110151246.0
008 - FIXED-LENGTH DATA ELEMENTS--GENERAL INFORMATION
fixed length control field 190528b xxu||||| |||| 00| 0 eng d
020 ## - INTERNATIONAL STANDARD BOOK NUMBER
ISBN 978-93-87686-41-0
041 ## - LANGUAGE CODE
Language code of text/sound track or separate title eng
100 ## - MAIN ENTRY--AUTHOR NAME
Personal name FULORIA, NEERAJ KUMAR ,FULORIA,DR. SHIVKANYA .,KUMAR ,DR. SOKINDRA.,AND SINGH, DR. AMIT
245 ## - TITLE STATEMENT
Title FUNDAMENTALS OF PHARMACO ECONOMICS
250 ## - EDITION STATEMENT
Edition statement 1st, Ed. 2018
260 ## - PUBLICATION, DISTRIBUTION, ETC. (IMPRINT)
Place of publication PUNE
Name of publisher NIRALI PRAKASHAN
300 ## - PHYSICAL DESCRIPTION
Number of Pages I.3 p,
942 ## - ADDED ENTRY ELEMENTS (KOHA)
Koha item type Books
Holdings
Lost status Damaged status Collection code Home library Current library Shelving location Date acquired Source of acquisition Cost, normal purchase price Accession Number Koha item type
    PHARMACY JRU Library JRU Library SHELF-18-F 28/05/2019 PURCHESS 250.00 22830 Books
    PHARMACY JRU Library JRU Library SHELF-18-F 28/05/2019 PURCHESS 250.00 22831 Books
    Reference JRU Library JRU Library SHELF-4-E 28/05/2019 PURCHESS 250.00 22832 Books